Демографската катастрофа (Запис номер 165312)
[ съкратено ]
| 000 -Лидер | |
|---|---|
| Контролно поле с фиксирана дължина | 01655nam a2200397 c 4500 |
| 003 - Код на организацията, давaща контролен номер | |
| Контролно поле | BLK |
| 005 - Дата и час на последна редакция | |
| Контролно поле | 20241113092905.0 |
| 008 - Елементи от данни с фиксирана дължина | |
| fixed length control field | 180410b bul|||||r ||||||| ||bul|| |
| 010 ## - Наследен системен номер | |
| LC control number | KNG00172918000 |
| 020 ## - Международен стандартен номер на книга ISBN | |
| Международен стандартен номер на книга ISBN | 978-954-9664-65-2 |
| -- | издат.: Ахат |
| 040 ## - Източник на каталожния запис | |
| Идентификатор на билиотеката - собственик на записа | BLK |
| 041 ## - Код за език | |
| Код за езика на текст/звукозапис или на отделно заглавие | Български |
| Код за езика КДБФ | Български |
| 072 #7 - Код за тематичната категория | |
| Код организация | bullib |
| Код за тематична категория | Н31 |
| Текст | Социология Н |
| 080 ## - УДК | |
| Текстов определител УДК | Демографска политика |
| УДК код - определител по УДК | 314.15 |
| УДК определител | (497.2)(062.2) |
| УДК - код + определител | 314.15(497.2)(062.2) |
| 139 ## - Редно поле | |
| Редна дума | Демографската катастрофа |
| Авторски знак | Дем - Д 40 |
| 245 10 - Сведения за заглавието | |
| Заглавие | Демографската катастрофа |
| Подзаглавни данни | Монополи, корупция и регионализъм : Патриотични семинари |
| Редно поле (дума) | състав. и науч. ред. Петър Иванов Иванов. |
| 257 ## - Страна на издаване | |
| Страна на създаване/издаване | България |
| 260 ## - Област на издателските данни | |
| -- | Русе |
| Име на издателя, разпространителя и проч. | Ахат |
| Година на издаване | 2014 |
| Печатница | В. Търново : Абагар |
| 300 ## - Физическа характеристика | |
| Страници | 328 с. |
| Илюстрации и др. | с табл., диагр. |
| Размери/Мащаб | 20 см |
| 380 ## - Жанр | |
| Жанр | Обществени науки |
| 490 1# - СЕРИИ (Колекции) | |
| Име на серия | Патриотични семинари |
| 500 ## - Общи забележки | |
| Забележка | Библиогр. след отд. материали. |
| 650 #4 - Допълнително описание по предмет – тема | |
| Основно описание – тема или топоним | България - население |
| 9 (RLIN) | 283925 |
| 651 #4 - Допълнително описание по предмет - топоним | |
| Географско понятие | България |
| 9 (RLIN) | 241624 |
| 653 ## - Ключова дума – ненормативна | |
| Ключова дума | демографска политика |
| 653 ## - Ключова дума – ненормативна | |
| Ключова дума | демография |
| 653 ## - Ключова дума – ненормативна | |
| Ключова дума | семинари |
| 659 ## - Тематичен бюлетин | |
| Тематичен бюлетин | Н |
| 700 1# - Други автори (авторска отговорност) | |
| Лично име | Иванов, Петър Иванов |
| Автороска отговорност (Описва отношението между автора и произведението) | състав. и науч. ред. |
| 9 (RLIN) | 370569 |
| 852 ## - Местоположение | |
| Форматна сигнатура | Цб 273250 |
| 856 4# - Електронен адрес и достъп | |
| Електронен формат | pdf - файл |
| Път до файла /url/ | |
| 856 4# - Електронен адрес и достъп | |
| Електронен формат | pdf - файл |
| Път до файла /url/ | |
| 942 ## - АРТИКУЛИ | |
| Вид на библиотечния материал | Книги |
| Скрит в OPAC | Не |
| Koha issues (borrowed), all copies | 3 |
| 944 ## - СЪЗДАВАНЕ И РЕДАКЦИЯ на ЗАПИСА | |
| Създаване/Редакция | Създаване |
| Дата на регистрацията/редакция | 12.03.2015 |
| Статус, дата на статуса | Минев Младен |
| Служител, извършил регистрацията/редакцията | 30530 |
| 944 ## - СЪЗДАВАНЕ И РЕДАКЦИЯ на ЗАПИСА | |
| Създаване/Редакция | Редакция |
| Дата на регистрацията/редакция | 18.11.2015 |
| Статус, дата на статуса | ф / |
| Служител, извършил регистрацията/редакцията | Людмила_Стоянова |
| 999 ## - СИСТЕМНИ КОНТРОЛНИ НОМЕРА | |
| Koha biblionumber | 165312 |
| Koha biblioitemnumber | 165312 |
| Код за отписване | Код за изгубен артикул | Код за повреда | Коз за рестрикции | Код за отдаване | Артикулен № | Име на библиотеката - собственик | Име на библиотеката, в която се намира в момента | Статус (Текущо местоположение) | Дата на вписване в системата | Местоположение - отдел | Цена в лева | Инвентарен номер | Систематично азбучна сигнатура | Баркод | Номер на екземпляра | Цена в евро | Служебна бележка | Служебен тип на артикула |
|---|---|---|---|---|---|---|---|---|---|---|---|---|---|---|---|---|---|---|
| Не е изгубен | Не е повреден | без рестрикции | ползва се в читалня | 278670 | Регионална библиотека "Любен Каравелов" Русе | Регионална библиотека "Любен Каравелов" Русе | Хранилище | 2015-03-12 | Хранилище | 10.00 | 120000786352 | Цб 273250 | 120000786352 | 1 | 5.11 | Дост: Dp Вид: Д N: 32 Дата: 17.07.2014 | Книги | |
| Не е изгубен | Не е повреден | без рестрикции | заемане за дома | 278671 | Регионална библиотека "Любен Каравелов" Русе | Регионална библиотека "Любен Каравелов" Русе | Заемна - подръчен фонд | 2015-08-25 | Заемна - подръчен фонд | 14.00 | 120000791373 | П 314/Д 40 | 120000791373 | 2 | 7.16 | Дост: DA Вид: А N: 16 Дата: 25.08.2015 Дата инв: 02.02.2018 Бележки инв: П2018 | Книги | |
| Не е изгубен | Не е повреден | без рестрикции | заемане за дома | 278672 | Регионална библиотека "Любен Каравелов" Русе | Регионална библиотека "Любен Каравелов" Русе | Заемна - подръчен фонд | 2015-08-25 | Заемна - подръчен фонд | 14.00 | 120000791374 | П 314/Д 40 | 120000791374 | 3 | 7.16 | Дост: DA Вид: А N: 16 Дата: 25.08.2015 Дата инв: 02.02.2018 Бележки инв: П2018 | Книги | |
| Не е изгубен | Не е повреден | без рестрикции | заемане за дома | 278673 | Регионална библиотека "Любен Каравелов" Русе | Регионална библиотека "Любен Каравелов" Русе | Заемна - подръчен фонд | 2015-08-25 | Заемна - подръчен фонд | 14.00 | 120000791375 | П 314/Д 40 | 120000791375 | 4 | 7.16 | Дост: DA Вид: А N: 16 Дата: 25.08.2015 Дата инв: 02.02.2018 Бележки инв: П2018 | Книги | |
| Не е изгубен | Не е повреден | без рестрикции | заемане за дома | 278674 | Регионална библиотека "Любен Каравелов" Русе | Регионална библиотека "Любен Каравелов" Русе | Заемна - подръчен фонд | 2015-08-25 | Заемна - подръчен фонд | 14.00 | 120000791376 | П 314/Д 40 | 120000791376 | 5 | 7.16 | Дост: DA Вид: А N: 16 Дата: 25.08.2015 Дата инв: 02.02.2018 Бележки инв: П2018 | Книги |